000 00803nam a22002777a 4500
003 OSt
005 20260601171015.0
008 260507b1976\\\\ag\|||||\||||\00|\0\spa\d
040 _aICI
_bspa
_cICI
_erda
041 _aspa
050 _aLC191
_b.F74 1976
100 _aFreire, Paulo,
_eautor
245 _aEducación y Cambio /
_cPaulo Freire
264 _aArgentina :
_bEdiciones Busqueda :
_c1976
300 _a84 páginas ;
336 _2rdacontent
_atexto
337 _2rdamedia
_asin medio
338 _2rdacarrier
_avolumen
650 _aEducación
_924402
650 _aCambio social
_922757
650 _aPedagogía crítica
_933856
650 _aFilosofía de la educación
_925010
650 _aConcientización
_933857
700 1 _aFreire, Paulo,
_d1921-1997
_933858
942 _2lcc
_cB
_n1
999 _c20671
_d20671